000 00442nab a2200145Ia 4500
003 ES-SlBCS
005 20210601131623.0
008 140529s1995 xxu||||| |||| 00| 0 fre d
041 _afre
100 1 _aReyff, Simone de
_9176174
245 0 0 _aCompostelle à la lumière du chemin d'Emmaüs
_c Simone de Reyff
651 4 _aSantiago de Compostela
_986283
773 0 _tSources
_gvol. 21, nº. 4-5, 1995, págs. 168-180
_wRev440
942 _cAR
999 _c566087
_d566087